| 000 | 00680cab a2200229 4500 | ||
|---|---|---|---|
| 001 | ABS53240 | ||
| 008 | 090401t1995 xxu||||| |||| 00| 0 eng d | ||
| 035 | _a(Sirsi) u2865 | ||
| 041 | _aeng | ||
| 100 | _aMahony, C.D. | ||
| 245 | 4 | _aThe generation game: using GIS to site wind turbines | |
| 260 | _c1995 | ||
| 350 | _a0 | ||
| 490 |
_aMapping Awareness _v9(6) July 1995, 26-29(4) |
||
| 520 | _aDescribes the use of GIS to provide an objective approach to the siting of wind turbines. | ||
| 650 | _aISLE OF MAN | ||
| 650 | _aWIND FARMS | ||
| 690 | _aENVIRONMENTAL AND LAND CONSULTANCY-ENERGY | ||
| 690 | _aPLANNING LAW AND PRACTICE | ||
| 942 | _n0 | ||
| 948 | _c04/03/1997 | ||
| 999 |
_c1723 _d1723 |
||